000 00234nam a2200097Ia 4500
008 190216s9999||||xx |||||||||||||| ||und||
100 _aNull
245 0 _aMalayalam-Malayalam
260 _bSahithya Pravarthaka Co-Operative
942 _cBK
999 _c30292
_d30292